| 000 | nam a22 a 4500 | ||
|---|---|---|---|
| 999 |
_c57265 _d57265 |
||
| 005 | 20220628162847.0 | ||
| 008 | 180408b bul|||||r ||||||| ||bul|| | ||
| 040 | _aBLK | ||
| 041 |
_aBUL _cBUL |
||
| 080 |
_aНасекоми, вредители на селскостопанските растения _b632.7 _x(035) _z632.7(035) |
||
| 139 |
_aОпределител на вредните насекоми по културните растения _bО 63 |
||
| 245 | 1 | 0 |
_aОпределител на вредните насекоми по културните растения _bРъководство |
| 250 | _a2. прераб. и доп. изд | ||
| 257 | _aBGR | ||
| 260 |
_aСофия _bЗемиздат _c1971 |
||
| 300 |
_a559 с. _bс ил. _c22 см |
||
| 380 | _a63 | ||
| 500 | _aАвт. В. И. Попов, Ст. П. Григоров, М. Г. Макаров, Д. И. Буров. | ||
| 650 | 4 |
_aНасекоми, вредни - справочници _9255419 |
|
| 653 | _aнасекоми | ||
| 653 | _aвредители на растенията | ||
| 653 | _aнаръчници | ||
| 852 |
_aЦб 60160 _bЦб |
||
| 856 | 4 | _qpdf | |
| 856 | 4 | _qpdf | |
| 942 |
_cKNG _n0 _s1 |
||
| 944 |
_aCR _c13.06.2004 _kЦветанка_Енчева |
||
| 944 |
_aED _c2022-06-28 _kКети |
||
| 999 | _d57265 | ||